export_success — 

Kirchliche Jugendarbeit in der Ganztagsschule : Chancen und Herausforderungen der Zusammenarbeit.

Bibliographic Details
Main Author: Gärtner, Claudia.
Other Authors: Könemann, Judith.
Format: eBook
Language:German
Published: Bielefeld : transcript, 2022.
Edition:1st ed.
Series:Bildungsforschung
Subjects:
Online Access:Click to View
LEADER 01563nam a22003853i 4500
001 EBC7153677
003 MiAaPQ
005 20231204023228.0
006 m o d |
007 cr cnu||||||||
008 231204s2022 xx o ||||0 ger d
020 |a 9783839463345  |q (electronic bk.) 
020 |z 9783837663341 
035 |a (MiAaPQ)EBC7153677 
035 |a (Au-PeEL)EBL7153677 
035 |a (OCoLC)1355218085 
040 |a MiAaPQ  |b eng  |e rda  |e pn  |c MiAaPQ  |d MiAaPQ 
100 1 |a Gärtner, Claudia. 
245 1 0 |a Kirchliche Jugendarbeit in der Ganztagsschule :  |b Chancen und Herausforderungen der Zusammenarbeit. 
250 |a 1st ed. 
264 1 |a Bielefeld :  |b transcript,  |c 2022. 
264 4 |c {copy}2022. 
300 |a 1 online resource (289 pages) 
336 |a text  |b txt  |2 rdacontent 
337 |a computer  |b c  |2 rdamedia 
338 |a online resource  |b cr  |2 rdacarrier 
490 1 |a Bildungsforschung 
588 |a Description based on publisher supplied metadata and other sources. 
590 |a Electronic reproduction. Ann Arbor, Michigan : ProQuest Ebook Central, 2023. Available via World Wide Web. Access may be limited to ProQuest Ebook Central affiliated libraries.  
655 4 |a Electronic books. 
700 1 |a Könemann, Judith. 
776 0 8 |i Print version:  |a Gärtner, Claudia  |t Kirchliche Jugendarbeit in der Ganztagsschule  |d Bielefeld : transcript,c2022  |z 9783837663341 
797 2 |a ProQuest (Firm) 
830 0 |a Bildungsforschung 
856 4 0 |u https://ebookcentral.proquest.com/lib/matrademy/detail.action?docID=7153677  |z Click to View